| 000 | 00783nam a22002297a 4500 | ||
|---|---|---|---|
| 003 | AM-YEHGA | ||
| 040 | _aAM-YeHGA | ||
| 090 | _c457596 | ||
| 005 | 20250618075333.0 | ||
| 008 | 181219s2018 ai ||||gr|||||000|0barm|| | ||
| 020 | _a9789939762579 | ||
| 041 | 0 | _aarm | |
| 100 | 1 | _aՏեր-Գաբրիելյան, Գևորգ | |
| 245 | 1 | 0 |
_aՀրանտ : _bՀուշապատում-վիպակ / _cԳ. Տեր-Գաբրիելյան. |
| 260 |
_aԵրևան : _bԱնտարես, _c2018. |
||
| 300 |
_a456 էջ : _bդիմանկ. ; _c22 սմ. |
||
| 600 | 1 | 4 |
_aՄաթևոսյան, Հրանտ Իգնատի, _d1935-2002 _9693 |
| 650 | 1 | 4 |
_aՀայ գրականություն _xՎիպակ |
| 650 | 1 | 4 |
_aՀայ հուշագրություն _95766 |
| 653 | 0 | _aՀուշապատում | |
| 942 |
_2bbk _cBK |
||
| 999 |
_c454602 _d454602 |
||